Entramados del poder (Registro nro. 354)

Detalles MARC
000 -LEADER
fixed length control field 00942 a2200217 4500
001 - CONTROL NUMBER
control field 3769
005 - DATE AND TIME OF LATEST TRANSACTION
control field 20260407155430.0
008 - FIXED-LENGTH DATA ELEMENTS--GENERAL INFORMATION
fixed length control field 260407a2010 arg spa d
003 - CONTROL NUMBER IDENTIFIER
control field AR-UNSa-BCEJYS
040 ## - CATALOGING SOURCE
Original cataloging agency AR-UNSa-BCEJYS
Language of cataloging spa
Transcribing agency AR-UNSa-BCEJYS
080 ## - UNIVERSAL DECIMAL CLASSIFICATION NUMBER
Universal Decimal Classification number 94(826.7)
Common auxiliary subdivision Historia de Salta
020 ## - INTERNATIONAL STANDARD BOOK NUMBER
International Standard Book Number 978-987-558-196-8
100 1# - MAIN ENTRY--PERSONAL NAME
Personal name Justiniano, María Fernanda
245 10 - TITLE STATEMENT
Title Entramados del poder
Name of part/section of a work Salta y la nación en el siglo XIX
264 #1 - PRODUCTION, PUBLICATION, DISTRIBUTION, MANUFACTURE, AND COPYRIGHT NOTICE
Place of production, publication, distribution, manufacture Buenos Aires :
Name of producer, publisher, distributor, manufacturer Universidad Nacional de Quilmes
Date of production, publication, distribution, manufacture, or copyright notice 2010
300 ## - PHYSICAL DESCRIPTION
Extent 315 p.
Dimensions 22 cm.
505 ## - FORMATTED CONTENTS NOTE
Formatted contents note 1. Hombres, territorio y poder - 2. Las familias - 3. Salta: una sociedad que se percibe dual - 4. Los movimientos de la economía provincial - 5. La política: grupos y redes - 6. Los entramados de poder
590 ## - LOCAL NOTE (RLIN)
Local note niveau_biblio:m niveau_hierar:0
856 41 - ELECTRONIC LOCATION AND ACCESS
Uniform Resource Identifier <a href="https://biblioeco.unsa.edu.ar/pmb/images/libros/Entramados del poder-l117882.jpg">https://biblioeco.unsa.edu.ar/pmb/images/libros/Entramados del poder-l117882.jpg</a>
Link text Imagen de portada
Electronic format type image/jpeg
942 ## - ADDED ENTRY ELEMENTS (KOHA)
Koha item type
Existencias
Withdrawn status Lost status Damaged status Not for loan Home library Current library Shelving location Date acquired Total checkouts Full call number Barcode Date last seen Price effective from Koha item type
        Biblioteca Prof. Eusebio Cleto del Rey Biblioteca Prof. Eusebio Cleto del Rey   07/04/2026   94(826.7) J96 L117882 07/04/2026 07/04/2026 Libro